Premier League Stadiums 2023-24 - Statistics

General Stats
  • This quiz has been taken 190 times
  • The average score is 15 of 20
Answer Stats
Hint Answer % Correct
Arsenal Emirates Stadium
98%
Liverpool Anfield
97%
Man United Old Trafford
97%
Chelsea Stamford Bridge
94%
Man City Etihad Stadium
92%
Everton Goodison Park
82%
Aston Villa Villa Park
82%
Newcastle St. James Park
81%
Fulham Craven Cottage
79%
Tottenham Tottenham Hotspur Stadium
77%
West Ham London Stadium
74%
Brighton American Express Community Stadium
69%
Wolves Molineux Stadium
64%
Burnley Turf Moor
61%
Crystal Palace Selhurst Park
60%
Bournemouth Vitality Stadium
58%
Brentford Gtech Community Stadium
55%
Nottingham Forest City Ground
51%
Luton Town Kenilworth Road
50%
Sheffield United Bramall Lane
39%
No matching quizzes found
Score Distribution
Percent of People with Each Score
Percentile by Number Answered
Your Score History
You have not taken this quiz